Pointe Gourde principle (Record no. 83097)

MARC details
000 -LEADER
fixed length control field 01594cab a22002775a 4500
001 - CONTROL NUMBER
control field L152795
008 - FIXED-LENGTH DATA ELEMENTS--GENERAL INFORMATION
fixed length control field 110428s2011 xxk 000 0 eng d
035 ## - SYSTEM CONTROL NUMBER
System control number (Sirsi) u152795
041 0# - LANGUAGE CODE
Language code of text/sound track or separate title eng
100 1# - MAIN ENTRY--PERSONAL NAME
Personal name Barnes, Michael
245 00 - TITLE STATEMENT
Title Pointe Gourde principle
Remainder of title end of the road
260 ## - PUBLICATION, DISTRIBUTION, ETC.
Date of publication, distribution, etc. 2011
490 #0 - SERIES STATEMENT
Series statement Rating and Valuation Reporter
Volume/sequential designation 51(3) [2011] RVR, 66-71(6)
520 ## - SUMMARY, ETC.
Summary, etc. HL in Spirerose Ltd (in administration) v Transport for London (2009) (see E148160) ended Pointe Gourde as a supposedly independent doctrine of law. Goes back to the origin of the principle in the Pointe Gourde Privy Council decision ([1947] AC 656), asks what was thought to have been established by the principle and looks at how it was adapted into statutory form. Concludes that the value to the owner rule or an aspect of it which might be disguised as Pointe Gourde is now wholely contained in the relevant statutory provisions Pointe Gourde's only function today is to assist where there is a disputed construction of the statutory provisions.
590 ## - LOCAL NOTE (RLIN)
Local note KA
650 24 - SUBJECT ADDED ENTRY--TOPICAL TERM
Topical term or geographic name entry element SPIREROSE LTD V TRANSPORT FOR LONDON
650 24 - SUBJECT ADDED ENTRY--TOPICAL TERM
Topical term or geographic name entry element TOWN AND COUNTRY PLANNING ACT 1947
650 24 - SUBJECT ADDED ENTRY--TOPICAL TERM
Topical term or geographic name entry element POINTE GOURDE QUARRYING AND TRANSPORT CO LTD V CROWN LANDS SUPERINTENDENT
650 24 - SUBJECT ADDED ENTRY--TOPICAL TERM
Topical term or geographic name entry element TOWN AND COUNTRY PLANNING ACT 1990
650 24 - SUBJECT ADDED ENTRY--TOPICAL TERM
Topical term or geographic name entry element LAND COMPENSATION ACT 1961
650 24 - SUBJECT ADDED ENTRY--TOPICAL TERM
Topical term or geographic name entry element LANDS CLAUSES CONSOLIDATION ACT 1845
651 #4 - SUBJECT ADDED ENTRY--GEOGRAPHIC NAME
Geographic name England and Wales
Chronological subdivision 1543-
690 ## - LOCAL SUBJECT ADDED ENTRY--TOPICAL TERM (OCLC, RLIN)
Topical term or geographic name as entry element ENVIRONMENTAL AND LAND CONSULTANCY-PLANNING AND DEVELOPMENT-COMPULSORY PURCHASE AND COMPENSATION
700 1# - ADDED ENTRY--PERSONAL NAME
Personal name Caws, Eian
942 ## - ADDED ENTRY ELEMENTS (KOHA)
Suppress in OPAC 0
Holdings
Withdrawn status Lost status Source of classification or shelving scheme Damaged status Not for loan Home library Current library Shelving location Date acquired Total Checkouts Full call number Barcode Date last seen Price effective from Koha item type
    Dewey Decimal Classification     London London Journal article 28/04/2011   L152795 152795-1001 06/08/2019 06/08/2019 Journal article